03036cam a22004094i 4500003000900000005001700009008004100026020001500067020001800082035002000100040003300120082001900153245010700172264004700279300005800326336002100384337002500405338002300430504004000453504003400493505186800527526001002395526001002405526001002415526001002425526000802435526000802443526000802451526000802459526000802467526000802475526000802483650001902491700003802510700003702548700004102585PE-LiUPU20250731172859.0170105s2016 xxua rb 001 0 eng d a1451482086 a9781451482089 a(Sirsi) a165861 aPE-LiUPUbspacPE-LiUPUerda04a227.06bP2223 aPaul and the apocalyptic imagination /cBen C. Blackwell, John K. Goodrich, and Jason Maston, editors. 1aMinneapolis, MN :bFortress Press,c[2016] axii 391 páginas :bilustraciones ;c23 centimetros. atext2rdacontent aunmediated2rdamedia avolume2rdacarrier aBibliografía :final de cada parte aÍndices: páginas 361-391.0 aPaul and the Apocalyptic Imagination: An Introduction / Ben C. Blackwell, John K. Goodrich, and Jason Maston -- "Then I Proceeded to Where Things Were Chaotic" (1 Enoch 21:1): Mapping the Apocalyptic Landscape / David A. Shaw -- Apocalyptic as God's Eschatological Activity in Paul's Theology / Martinus C. de Boer -- Apocalyptic Epistemology: The Sine Qua Non of Valid Pauline Interpretation / Douglas A. Campbell -- Apocalyptic as Theoria in the Letters of St. Paul: A New Perspective on Apocalyptic as Mother of Theology / Edith M. Humphrey -- Apocalyptic and the Sudden Fulfillment of Divine Promise / N. T. Wright -- Some Reflections on Apocalyptic Thought and Time in Literature from the Second Temple Period / Loren T. Stuckenbruck -- The Transcendence of Death and Heavenly Ascent in the Apocalyptic Paul and the Stoics / Joseph R. Dodson -- Second-Century Perspectives on the Apocalyptic Paul: Reading the Apocalypse of Paul and the Acts of Paul / Ben C. Blackwell -- Some Remarks on Apocalyptic in Modern Christian Theology / Philip G. Ziegler -- Righteousness Revealed: The Death of Christ as the Definition of the Righteousness of God in Romans 3:21-26 / Jonathan A. Linebaugh -- Thinking from Christ to Israel: Romans 9-11 in Apocalyptic Context / Beverly Roberts Gaventa -- Apocalyptic Allegiance and Disinvestment in the World: A Reading of 1 Corinthians 7:25-35 / John M. G. Barclay -- After Destroying Every Rule, Authority, and Power: Paul, Apocalyptic, and Politics in 1 Corinthians / John K. Goodrich -- Plight and Solution in Paul's Apocalyptic Perspective: A Study of 2 Corinthians 5:18-21 / Jason Maston -- The Apocalyptic New Covenant and the Shape of Life in the Spirit according to Galatians / Michael J. Gorman -- The Two Ages and Salvation History in Paul's Apocalyptic Imagination: A Comparison of 4 Ezra and Galatians / J. P. Davies. aSEG42 aSEG41 aSEG40 aSEG39 aP94 aP87 aP86 aP85 aP77 aP76 aP3500aEscatología.1 aGoodrich, John,d1981- ,eeditor.1 aMaston, Jason,d1978- ,eeditor.1 aBlackwell, Ben C.,d1974- ,eeditor.